000
00294nam a22001337a 4500
008
181029b xxu||||| |||| 00| 0 eng d
020
_a
2740185740251
041
_a
eng
080
_a
159.9
100
_a
19
101
_a
psi
245
_a
Multicultural Psychology
_c
Scott.J
942
_2
udc
_c
BK
999
_c
50978
_d
50978